[Event "7. Magistrale"]
[Site "Marostica"]
[Date "1995.09.14"]
[Round "6.13"]
[White "Perezzani, Stefano"]
[Black "Pastres, Roberto"]
[Result "0-1"]
[WhiteElo "1983"]
[BlackElo "2145"]
[PlyCount "102"]
[EventDate "1995.09.10"]
[EventType "swiss"]
[EventRounds "9"]
[EventCountry "ITA"]

1. e4 c5 2. Ne2 e6 3. Nbc3 a6 4. g3 b5 5. Bg2 Bb7 6. O-O d6 7. d3 Nd7 8. f4 b4 9. Nb1 Ngf6 10. Qe1 Qc7 11. Nd2 Be7 12. Nc4 O-O 13. e5 Ne8 14. exd6 Nxd6 15. Bxb7 Qxb7 16. Nxd6 Bxd6 17. Qf2 f5 18. Qf3 Qxf3 19. Rxf3 Be7 20. Re3 Kf7 21. Kg2 Bf6 22. Ng1 c4 23. a3 cxd3 24. Rxd3 Nc5 25. Rd1 b3 26. cxb3 Nxb3 27. Rb1 Rfc8 28. Nf3 Rc2+ 29. Kh3 Rac8 30. Be3 Bxb2 31. Ne5+ Bxe5 32. Rxb3 Bf6 33. Rbd3 h6 34. R1d2 g5 35. Kg2 R8c3 36. Rxc2 Rxc2+ 37. Kg1 Ke7 38. Rb3 Kd6 39. Rd3+ Kc6 40. Bd2 g4 41. h3 h5 42. hxg4 hxg4 43. Bb4 Re2 44. Kf1 Re4 45. Bc3 Bxc3 46. Rxc3+ Kd5 47. Kf2 a5 48. Rb3 a4 49. Rb6 Rc4 50. Ra6 Rc2+ 51. Ke1 Ke4 0-1

[Event "7. Magistrale"]
[Site "Marostica"]
[Date "1995.09.14"]
[Round "6.14"]
[White "Bolico, Exfelicos"]
[Black "Bertacco, Piero"]
[Result "1/2-1/2"]
[WhiteElo "2200"]
[BlackElo "1747"]
[PlyCount "102"]
[EventDate "1995.09.10"]
[EventType "swiss"]
[EventRounds "9"]
[EventCountry "ITA"]

1. d4 d5 2. Nf3 Nf6 3. g3 c6 4. Bg2 Bf5 5. O-O Qc8 6. Re1 e6 7. Nbd2 Be7 8. c4 Nbd7 9. b3 Ne4 10. Bb2 O-O 11. a3 a5 12. Rc1 Qd8 13. Nxe4 Bxe4 14. Nd2 Bxg2 15. Kxg2 f5 16. e3 Qe8 17. f3 Qf7 18. Rf1 Qg6 19. e4 Nf6 20. exf5 exf5 21. Re1 Rae8 22. cxd5 Nxd5 23. Nc4 Bd6 24. Kh1 Bc7 25. f4 Rxe1+ 26. Qxe1 Re8 27. Ne5 Qh5 28. Qf2 Nf6 29. Qg2 Rd8 30. Kg1 Bb6 31. Nf3 Ne4 32. b4 Qf7 33. Qe2 Qd5 34. Qc4 Qxc4 35. Rxc4 Nd6 36. Rc2 axb4 37. axb4 Nb5 38. Rd2 g6 39. Kf1 Bc7 40. Ke2 Bd6 41. Kd3 Bxb4 42. Re2 Bf8 43. h3 Nd6 44. Ne5 Ne4 45. g4 Nc5+ 46. Ke3 Ne6 47. gxf5 gxf5 48. Rg2+ Bg7 49. h4 Ra8 50. h5 Kf8 51. Nd7+ Ke7 1/2-1/2

[Event "7. Magistrale"]
[Site "Marostica"]
[Date "1995.09.15"]
[Round "7.14"]
[White "Giuriati, Paolo"]
[Black "Bolico, Exfelicos"]
[Result "1-0"]
[WhiteElo "1957"]
[BlackElo "2200"]
[PlyCount "55"]
[EventDate "1995.09.10"]
[EventType "swiss"]
[EventRounds "9"]
[EventCountry "ITA"]

1. d4 g6 2. c4 Bg7 3. Nc3 d6 4. e4 Nd7 5. Nge2 e5 6. g3 Ne7 7. Bg2 O-O 8. O-O c6 9. Be3 Qc7 10. Qd2 Rd8 11. Rad1 exd4 12. Bxd4 Ne5 13. b3 Be6 14. f4 Ng4 15. Bxg7 Kxg7 16. h3 Nh6 17. f5 gxf5 18. Qg5+ Ng6 19. Nf4 Ng8 20. exf5 Qb6+ 21. Kh2 h6 22. Nxe6+ Kh8 23. Qh5 fxe6 24. fxg6 Rf8 25. Rf7 Rxf7 26. gxf7 Qe3 27. fxg8=Q+ Rxg8 28. Qf3 1-0

[Event "7. Magistrale"]
[Site "Marostica"]
[Date "1995.09.16"]
[Round "8.9"]
[White "Schreuder, Rolf"]
[Black "Sedina, Elena"]
[Result "0-1"]
[WhiteElo "2200"]
[BlackElo "2350"]
[PlyCount "144"]
[EventDate "1995.09.10"]
[EventType "swiss"]
[EventRounds "9"]
[EventCountry "ITA"]

1. Nf3 Nf6 2. d4 g6 3. e3 Bg7 4. Be2 O-O 5. c4 c5 6. O-O cxd4 7. exd4 d5 8. b3 b6 9. Bb2 Bb7 10. Nbd2 Nbd7 11. Rc1 Rc8 12. Re1 Ne4 13. Nxe4 dxe4 14. Ne5 Nxe5 15. dxe5 Qc7 16. Qd4 f5 17. exf6 Bxf6 18. Qd2 Rcd8 19. Qc2 Bxb2 20. Qxb2 Qf4 21. c5 Rd2 22. Bc4+ Rf7 23. Bxf7+ Kxf7 24. Qxd2 Qxd2 25. Red1 Qxa2 26. c6 Bxc6 27. Rxc6 Qxb3 28. Rcc1 a5 29. Rb1 Qe6 30. h3 e3 31. fxe3 Qxe3+ 32. Kh1 a4 33. Rf1+ Ke8 34. Rfe1 Qc5 35. Rec1 Qa5 36. Rc6 a3 37. Rcxb6 a2 38. Rb8+ Kf7 39. Ra1 Qc3 40. Rf1+ Ke6 41. Ra8 Qb2 42. Re1+ Kf6 43. Rf8+ Kg5 44. Rff1 e5 45. Ra1 e4 46. Kg1 e3 47. Rac1 Qd4 48. Rfd1 Qb6 49. Kh2 Qb2 50. Rd5+ Kf6 51. Rdd1 h5 52. Re1 Qe5+ 53. Kg1 Qd4 54. Ra1 Qd2 55. Kh2 e2 56. Kg3 Qe3+ 57. Kh2 Qf2 58. Rec1 h4 59. Kh1 Ke5 60. Rxa2 Qf1+ 61. Rxf1 exf1=Q+ 62. Kh2 Qf4+ 63. Kg1 Qc4 64. Rf2 Ke4 65. Kh2 Ke3 66. Rf3+ Ke2 67. Rf6 Qe4 68. Kg1 g5 69. Ra6 Qd5 70. Kh2 Qe5+ 71. Kg1 Qd4+ 72. Kh2 Kf1 0-1

[Event "7. Magistrale"]
[Site "Marostica"]
[Date "1995.09.16"]
[Round "8.10"]
[White "Rosino, Antonio"]
[Black "Van Eijck, Evert"]
[Result "1-0"]
[WhiteElo "2222"]
[BlackElo "2100"]
[PlyCount "79"]
[EventDate "1995.09.10"]
[EventType "swiss"]
[EventRounds "9"]
[EventCountry "ITA"]
[SourceTitle "EXT 99"]
[Source "ChessBase"]
[SourceDate "1998.11.10"]
[SourceVersion "1"]
[SourceVersionDate "1998.11.10"]
[SourceQuality "1"]

1. e4 Nf6 2. e5 Nd5 3. d4 d6 4. Nf3 Bg4 5. Be2 e6 6. h3 Bh5 7. O-O Nb6 8. c4 Be7 9. Nc3 O-O 10. Be3 Nc6 11. exd6 cxd6 12. d5 exd5 13. Nxd5 Bxf3 14. Bxb6 axb6 15. Bxf3 Bf6 16. Qd2 b5 17. cxb5 Nd4 18. Nxf6+ Qxf6 19. Bxb7 Rab8 20. Rad1 Nxb5 21. Bf3 Rfd8 22. a4 Nc7 23. b4 d5 24. Qd4 Qxd4 25. Rxd4 Ne6 26. Rxd5 Rxd5 27. Bxd5 Rxb4 28. Bxe6 fxe6 29. Ra1 Rb6 30. a5 Ra6 31. Kf1 Kf7 32. Ke2 Ke7 33. Kd3 Kd6 34. Kc4 Kc6 35. Kb4 Ra7 36. a6 Kb6 37. f4 h5 38. h4 g6 39. g3 Kc6 40. Ka5 1-0

[Event "7. Magistrale"]
[Site "Marostica"]
[Date "1995.09.16"]
[Round "8.15"]
[White "Aranovitch, Emiliano"]
[Black "Bolico, Exfelicos"]
[Result "1-0"]
[WhiteElo "1963"]
[BlackElo "2200"]
[Annotator "Gabriele"]
[PlyCount "59"]
[EventDate "1995.09.10"]
[EventType "swiss"]
[EventRounds "9"]
[EventCountry "ITA"]

1. e4 c6 2. d4 d5 3. exd5 cxd5 4. c4 e6 5. Nf3 Nf6 6. Nc3 Nc6 7. c5 b6 8. b4 bxc5 9. bxc5 Ne4 10. Bd2 Be7 11. Bb5 Bd7 12. O-O O-O 13. Re1 Nxd2 14. Qxd2 {...} Na5 15. Nxd5 Bxb5 16. Nxe7+ Kh8 17. d5 exd5 18. Nd4 Bc4 19. Qg5 f6 20. Qh4 Bd3 21. Re3 Be4 22. Rxe4 dxe4 23. Ng6+ Kg8 24. Ne6 Qd3 25. Ngxf8 h6 26. Qg4 g5 27. Qf5 Kf7 28. Qg6+ Ke7 29. Qg7+ Ke8 30. Nd7 1-0

[Event "7. Magistrale"]
[Site "Marostica"]
[Date "1995.09.16"]
[Round "8.16"]
[White "Perezzani, Stefano"]
[Black "Elstner, Herbert"]
[Result "0-1"]
[WhiteElo "1983"]
[BlackElo "2215"]
[PlyCount "116"]
[EventDate "1995.09.10"]
[EventType "swiss"]
[EventRounds "9"]
[EventCountry "ITA"]

1. e4 e5 2. Nf3 f5 3. d4 fxe4 4. Nxe5 Nf6 5. Bc4 d5 6. Be2 Bd6 7. Bg5 O-O 8. Nc3 c6 9. Qd2 b5 10. a3 Qc7 11. f4 exf3 12. Nxf3 Ng4 13. Ne5 Nxe5 14. dxe5 Bxe5 15. Rf1 Rxf1+ 16. Bxf1 Be6 17. O-O-O Nd7 18. g3 a5 19. Ne2 b4 20. Bf4 bxa3 21. bxa3 Qd6 22. Bxe5 Nxe5 23. Qc3 Bg4 24. h3 Bf3 25. Rd4 c5 26. Rf4 d4 27. Nxd4 cxd4 28. Rxd4 Qh6+ 29. Qd2 Qxd2+ 30. Kxd2 Bc6 31. Rd6 Kf7 32. Kc3 Ke7 33. Rd1 Rc8 34. Kb2 Rd8 35. Re1 Kf6 36. Kc3 Rc8 37. Kb2 Ba4 38. Rc1 Nc4+ 39. Bxc4 Rxc4 40. c3 Re4 41. c4 Re3 42. c5 Rb3+ 43. Ka2 Rxg3 44. c6 Rxh3 45. c7 Bd7 46. c8=Q Bxc8 47. Rxc8 Rh5 48. a4 Re5 49. Kb3 g5 50. Kc4 h5 51. Kd4 h4 52. Rf8+ Kg7 53. Rb8 Rf5 54. Rb5 Kg6 55. Ke3 h3 56. Rb6+ Kh5 57. Rb8 Kg4 58. Rb1 h2 0-1

[Event "7. Magistrale"]
[Site "Marostica"]
[Date "1995.09.17"]
[Round "9"]
[White "Bolico, Exfelicos"]
[Black "Duarte, Riccardo"]
[Result "1/2-1/2"]
[WhiteElo "2200"]
[BlackElo "2050"]
[PlyCount "49"]
[EventDate "1995.09.10"]
[EventType "swiss"]
[EventRounds "9"]
[EventCountry "ITA"]

1. d4 e6 2. Nf3 b6 3. e4 Bb7 4. Bd3 c5 5. c3 cxd4 6. cxd4 Bb4+ 7. Nc3 Nf6 8. e5 Nd5 9. Bd2 Nxc3 10. bxc3 Be7 11. O-O d6 12. Qe2 dxe5 13. Nxe5 a6 14. f4 g6 15. f5 gxf5 16. Qh5 Rf8 17. Bh6 Qd5 18. Rf2 Nd7 19. Bc4 Qa5 20. Bxf8 Nxe5 21. dxe5 Qxc3 22. Rd1 Qxc4 23. Bxe7 Kxe7 24. Qg5+ Kf8 25. Rd7 1/2-1/2

[Event "7. Magistrale"]
[Site "Marostica"]
[Date "1995.09.17"]
[Round "9"]
[White "Van Eijck, Evert"]
[Black "Pastres, Roberto"]
[Result "1/2-1/2"]
[WhiteElo "2100"]
[BlackElo "2145"]
[PlyCount "83"]
[EventDate "1995.09.10"]
[EventType "swiss"]
[EventRounds "9"]
[EventCountry "ITA"]

1. Nc3 c5 2. Nf3 Nf6 3. g3 d5 4. Bg2 Nc6 5. O-O Bg4 6. d3 e6 7. Bf4 Be7 8. Ne5 Nxe5 9. Bxe5 O-O 10. h3 Bh5 11. g4 Bg6 12. e4 Nd7 13. Bg3 d4 14. Ne2 e5 15. f4 f6 16. c4 a6 17. b3 b5 18. Qc2 Bf7 19. Be1 Rb8 20. Bd2 Bd6 21. fxe5 Bxe5 22. Nf4 bxc4 23. bxc4 Nb6 24. Nd5 Qd7 25. a4 Rb7 26. a5 Nxd5 27. cxd5 Rb5 28. Rab1 Rfb8 29. Rfc1 Bd6 30. Rxb5 Rxb5 31. Rf1 h6 32. Qc1 Be8 33. Qc4 Qe7 34. Qc1 Rb7 35. Bf4 Bb5 36. Bxd6 Qxd6 37. Rf3 Rc7 38. Bf1 Qe5 39. Qe1 Kf8 40. Rf5 Qe8 41. Qd2 Kg8 42. Be2 1/2-1/2

[Event "7. Magistrale"]
[Site "Marostica"]
[Date "1995.09.17"]
[Round "9"]
[White "Ventura, Boris"]
[Black "Schreuder, Rolf"]
[Result "1/2-1/2"]
[WhiteElo "2038"]
[BlackElo "2200"]
[PlyCount "69"]
[EventDate "1995.09.10"]
[EventType "swiss"]
[EventRounds "9"]
[EventCountry "ITA"]

1. e4 c6 2. d4 g6 3. Nc3 d5 4. e5 h5 5. Bd3 Nh6 6. Qe2 Bg4 7. f3 Be6 8. Bg5 Qd7 9. h3 Nf5 10. Qf2 h4 11. Nge2 Bh6 12. Bxh6 Rxh6 13. O-O-O b5 14. Nf4 a5 15. Rhe1 Na6 16. Bxf5 gxf5 17. Qd2 Rh8 18. Nce2 Nc7 19. g3 hxg3 20. Rg1 O-O-O 21. Rxg3 Kb7 22. Nd3 Kb6 23. Nc5 Qc8 24. Nf4 Rh7 25. Rdg1 Na6 26. Nxa6 Kxa6 27. Nd3 Kb6 28. f4 Rdh8 29. Qe3 a4 30. Nc5 Qa8 31. Qa3 Qa5 32. Nxe6 b4 33. Qe3 fxe6 34. a3 Kc7 35. Qd3 1/2-1/2

[Event "57.C.to Provinciale RM ITA"]
[Site "Roma ITA"]
[Date "1997.10.23"]
[Round "1.7"]
[White "Elia, Alessio"]
[Black "Marzano, Carlo"]
[Result "0-1"]
[WhiteElo "1600"]
[BlackElo "2160"]
[Annotator "Gabriele Ballarin"]
[PlyCount "48"]
[EventDate "1997.10.23"]
[EventType "swiss"]
[EventRounds "6"]
[EventCountry "ITA"]

1. d4 d6 2. Nf3 g6 3. e3 Bg7 4. b3 c5 5. Bb2 Nc6 6. h3 Nh6 7. Bd3 O-O 8. a3 cxd4 9. exd4 Qb6 10. c3 e5 11. Nbd2 f5 12. Bc4+ Kh8 13. dxe5 dxe5 14. Ng5 e4 15. Qe2 Ne5 16. O-O Nxc4 17. Qxc4 Qd8 18. Ndxe4 fxe4 19. Nxe4 Qh4 20. Nd6 Qxc4 21. Nxc4 Be6 22. Nd2 Rfd8 23. Rfd1 Rd3 24. Rac1 Rad8 0-1

[Event "57.C.to Provinciale RM ITA"]
[Site "Roma ITA"]
[Date "1997.10.23"]
[Round "1.8"]
[White "Chiaretti, Roberto"]
[Black "Fiore, Danilo"]
[Result "1-0"]
[WhiteElo "2150"]
[BlackElo "1600"]
[Annotator "Gabriele Ballarin"]
[PlyCount "99"]
[EventDate "1997.10.23"]
[EventType "swiss"]
[EventRounds "6"]
[EventCountry "ITA"]

1. e4 e5 2. Bc4 Nf6 3. d3 Nc6 4. Nf3 Be7 5. O-O O-O 6. Re1 d6 7. c3 a6 8. Bb3 Na5 9. Bc2 c5 10. Nbd2 Ne8 11. a3 Nc6 12. b4 cxb4 13. axb4 Nc7 14. Nc4 b5 15. Nb6 Rb8 16. Nd5 Ne8 17. h3 Nc7 18. Be3 Bf6 19. Bb6 Rxb6 20. Nxb6 Ne6 21. Nxc8 Qxc8 22. Nh2 Nf4 23. Ng4 Bd8 24. Ne3 g6 25. Qg4 Qb7 26. Kh2 Ne7 27. g3 h5 28. Qd1 Ne6 29. Bb3 Ng5 30. f4 Nh7 31. fxe5 dxe5 32. Nd5 Nxd5 33. Bxd5 Qb6 34. Qf3 Ng5 35. Qe3 Qd6 36. h4 Nh7 37. Qh6 Kh8 38. Rf1 Bf6 39. Rf3 Bg7 40. Qe3 Nf6 41. Qc5 Ng4+ 42. Kh1 Qd7 43. Qc6 Qe7 44. Raf1 Qa7 45. Rxf7 Rxf7 46. Rxf7 Qe3 47. Qe8+ Kh7 48. Rxg7+ Kxg7 49. Qg8+ Kf6 50. Qf7# 1-0

[Event "57.C.to Provinciale RM ITA"]
[Site "Roma ITA"]
[Date "1997.10.23"]
[Round "1.9"]
[White "Tripoli, Enrico"]
[Black "Vignato, Giovanni"]
[Result "1/2-1/2"]
[WhiteElo "1600"]
[BlackElo "2150"]
[Annotator "Gabriele Ballarin"]
[PlyCount "116"]
[EventDate "1997.10.23"]
[EventType "swiss"]
[EventRounds "6"]
[EventCountry "ITA"]

1. e4 c6 2. d4 d5 3. Nc3 dxe4 4. Nxe4 Bf5 5. Ng3 Bg6 6. h4 h6 7. Bd3 Bxd3 8. Qxd3 Nf6 9. Nf3 Nbd7 10. c4 e6 11. O-O Bd6 12. Ne2 Qe7 13. Bf4 O-O-O 14. Bxd6 Qxd6 15. Rad1 g5 16. Ng3 gxh4 17. Nxh4 Qf4 18. Nf3 h5 19. Qe3 Qd6 20. Ne4 Nxe4 21. Qxe4 Rdg8 22. Ne5 Nxe5 23. dxe5 Qc5 24. Qd4 Qxd4 25. Rxd4 Rd8 26. Rfd1 Rxd4 27. Rxd4 Rd8 28. Rxd8+ Kxd8 29. Kh2 Kc7 30. Kh3 Kb6 31. Kh4 Kc5 32. Kxh5 Kxc4 33. Kg5 Kd5 34. Kf6 c5 35. g4 c4 36. g5 b5 37. Kxf7 b4 38. g6 c3 39. bxc3 bxc3 40. g7 c2 41. g8=Q c1=Q 42. Qd8+ Kxe5 43. Qf6+ Ke4 44. Qxe6+ Kf3 45. Qf6+ Qf4 46. Qxf4+ Kxf4 47. Ke7 Kf3 48. Kd7 Kxf2 49. a4 Ke3 50. a5 Kd4 51. Kc6 Ke5 52. a6 Ke6 53. Kc7 Ke7 54. Kc8 Ke8 55. Kb8 Kd8 56. Kb7 Kd7 57. Kxa7 Kc7 58. Ka8 Kc8 1/2-1/2

[Event "57.C.to Provinciale RM ITA"]
[Site "Roma ITA"]
[Date "1997.10.23"]
[Round "1.12"]
[White "Palombi, Roberto"]
[Black "Calabrini, Alessandro"]
[Result "0-1"]
[WhiteElo "2055"]
[BlackElo "1400"]
[Annotator "Gabriele Ballarin"]
[PlyCount "74"]
[EventDate "1997.10.23"]
[EventType "swiss"]
[EventRounds "6"]
[EventCountry "ITA"]

1. d4 e6 2. c4 Bb4+ 3. Bd2 Bxd2+ 4. Qxd2 Nf6 5. Nc3 O-O 6. Nf3 c6 7. e4 b5 8. Bd3 d6 9. O-O Nh5 10. g4 Qf6 11. Qe3 Nf4 12. e5 dxe5 13. dxe5 Qh6 14. Kh1 Nxd3 15. Qxd3 Bb7 16. Rae1 c5 17. Ne4 Qf4 18. Rg1 Na6 19. Rg3 Rad8 20. Qe3 Qxe3 21. Rxe3 Nb4 22. Nd6 Bc6 23. Kg1 f6 24. a3 Nc2 25. Rc3 Nd4 26. Nxd4 cxd4 27. Rc2 fxe5 28. Nxb5 d3 29. Rd2 Bxb5 30. cxb5 e4 31. Kg2 g5 32. Re3 Rf4 33. h3 Kf7 34. Re1 Rc8 35. a4 Kf6 36. a5 Ke5 37. Ra1 Rc4 0-1

[Event "57.C.to Provinciale RM ITA"]
[Site "Roma ITA"]
[Date "1997.10.23"]
[Round "1.13"]
[White "Clifford, Roby"]
[Black "Scacco, Mauro"]
[Result "0-1"]
[WhiteElo "1400"]
[BlackElo "2045"]
[Annotator "Gabriele Ballarin"]
[PlyCount "76"]
[EventDate "1997.10.23"]
[EventType "swiss"]
[EventRounds "6"]
[EventCountry "ITA"]

1. e4 e5 2. Nf3 Nc6 3. Bb5 Nf6 4. O-O Be7 5. Re1 d6 6. d4 exd4 7. Nxd4 Bd7 8. Nxc6 bxc6 9. Bc4 O-O 10. Nc3 Ng4 11. Bf4 Bf6 12. Qd2 Rb8 13. Bb3 Be5 14. f3 Qf6 15. Bxe5 Nxe5 16. Rad1 Rfe8 17. Ne2 Qg6 18. Ng3 h5 19. Kf2 h4 20. Ne2 h3 21. Nf4 Qh6 22. g3 g5 23. Nd3 Ng6 24. Qa5 Rbc8 25. Qxa7 Be6 26. Qd4 Bxb3 27. cxb3 Re6 28. Qc3 c5 29. e5 Rce8 30. exd6 cxd6 31. Rxe6 Rxe6 32. Nxc5 dxc5 33. Rd8+ Nf8 34. Qxc5 Qg7 35. Qc8 f6 36. Qc4 Qa7+ 37. Kf1 Qe3 38. Rd1 Qxf3+ 0-1

[Event "57.C.to Provinciale RM ITA"]
[Site "Roma ITA"]
[Date "1997.10.23"]
[Round "1.14"]
[White "Tosoni, Augusto"]
[Black "D'Amico, Roberto"]
[Result "1-0"]
[WhiteElo "2116"]
[BlackElo "1400"]
[Annotator "Gabriele Ballarin"]
[PlyCount "57"]
[EventDate "1997.10.23"]
[EventType "swiss"]
[EventRounds "6"]
[EventCountry "ITA"]

1. e4 e5 2. Nf3 Nc6 3. d4 exd4 4. Bc4 d6 5. O-O Bg4 6. Be2 Be7 7. Nxd4 Bxe2 8. Nxe2 Nf6 9. Nbc3 Qd7 10. f3 h6 11. Be3 a6 12. Qd2 O-O-O 13. Nd5 Nxd5 14. exd5 Nb8 15. Bd4 Bf6 16. Bxf6 gxf6 17. Qd4 Qf5 18. Ng3 Qg6 19. Qe4 Nd7 20. Rfe1 Rhg8 21. Re2 Nc5 22. Qxg6 fxg6 23. Rae1 f5 24. f4 Nd7 25. Re6 Nc5 26. Re7 Rd7 27. R7e3 Kd8 28. Kf2 Rgg7 29. Re8# 1-0

[Event "57.C.to Provinciale RM ITA"]
[Site "Roma ITA"]
[Date "1997.10.23"]
[Round "1.15"]
[White "De Luca, Stefano"]
[Black "Scagliarini, Bruno"]
[Result "0-1"]
[WhiteElo "1400"]
[BlackElo "1974"]
[Annotator "Gabriele Ballarin"]
[PlyCount "36"]
[EventDate "1997.10.23"]
[EventType "swiss"]
[EventRounds "6"]
[EventCountry "ITA"]

1. f4 d5 2. Nf3 Nf6 3. e3 e6 4. b3 Be7 5. Bb2 Nbd7 6. Be2 O-O 7. O-O c6 8. a4 b6 9. Nc3 Bb7 10. Qe1 c5 11. Qg3 Rc8 12. d3 d4 13. exd4 cxd4 14. Nd1 Rxc2 15. Rf2 Bxf3 16. Qxf3 Nc5 17. Bf1 Rxf2 18. Qxf2 Nxb3 0-1

[Event "57.C.to Provinciale RM ITA"]
[Site "Roma ITA"]
[Date "1997.10.23"]
[Round "1.16"]
[White "Tinari, Marco"]
[Black "Palmucci, Lorenzo"]
[Result "1-0"]
[WhiteElo "1857"]
[BlackElo "1400"]
[Annotator "Gabriele Ballarin"]
[PlyCount "111"]
[EventDate "1997.10.23"]
[EventType "swiss"]
[EventRounds "6"]
[EventCountry "ITA"]

1. c4 e5 2. Nc3 Nf6 3. g3 Be7 4. Bg2 d6 5. Nf3 Nc6 6. O-O Be6 7. d3 Qd7 8. Ng5 Bg4 9. Qb3 h6 10. Qxb7 Rb8 11. Bxc6 Rxb7 12. Bxd7+ Nxd7 13. Nge4 f5 14. Nd2 g5 15. Kg2 Nc5 16. f3 Bh5 17. Rb1 Bg6 18. b4 Ne6 19. a3 h5 20. Nb3 c6 21. Na5 Rc7 22. b5 c5 23. Nd5 Rd7 24. Bd2 f4 25. Nc6 Bd8 26. Nxd8 Rxd8 27. a4 O-O 28. a5 fxg3 29. hxg3 g4 30. Ne7+ Kg7 31. Nxg6 Kxg6 32. fxg4 hxg4 33. Rh1 Rh8 34. Rxh8 Rxh8 35. b6 axb6 36. Rxb6 Rd8 37. a6 Rd7 38. Rb7 Rd8 39. Ba5 Ra8 40. a7 Nd4 41. Bb6 Nc6 42. Rc7 Nd4 43. Rd7 Ne6 44. Rxd6 Kf6 45. Bxc5 Kf7 46. Be3 Nd4 47. Bxd4 exd4 48. Rxd4 Rxa7 49. Rxg4 Kf6 50. Kf3 Rc7 51. e4 Ke5 52. Rg6 Rf7+ 53. Ke3 Rd7 54. g4 Rd8 55. d4+ Rxd4 56. Rg5+ 1-0

[Event "57.C.to Provinciale RM ITA"]
[Site "Roma ITA"]
[Date "1997.10.23"]
[Round "1.18"]
[White "Simeoni, Matteo"]
[Black "Procaccini, Luciano"]
[Result "1-0"]
[WhiteElo "1830"]
[BlackElo "1400"]
[Annotator "Gabriele Ballarin"]
[PlyCount "56"]
[EventDate "1997.10.23"]
[EventType "swiss"]
[EventRounds "6"]
[EventCountry "ITA"]

1. e4 e5 2. Nf3 Nc6 3. d4 exd4 4. Nxd4 Nf6 5. Nc3 Ne5 6. f4 Nc6 7. Be3 d6 8. Be2 g6 9. Qd2 Ng4 10. Nxc6 bxc6 11. Bd4 f6 12. h3 Nh6 13. O-O-O Bg7 14. Bf3 Bd7 15. Rhe1 O-O 16. g4 c5 17. Bxc5 Bxg4 18. hxg4 dxc5 19. Qh2 Qc8 20. f5 g5 21. e5 fxe5 22. Bxa8 Nxg4 23. Bd5+ Kh8 24. Qe2 Nh6 25. Ne4 g4 26. f6 Bxf6 27. Nxf6 Rxf6 28. Qxe5 Ng8 1-0

[Event "57.C.to Provinciale RM ITA"]
[Site "Roma ITA"]
[Date "1997.10.23"]
[Round "1.19"]
[White "Reibaldi, Michele"]
[Black "Piancatelli, Marco"]
[Result "0-1"]
[WhiteElo "1400"]
[BlackElo "1825"]
[Annotator "Gabriele Ballarin"]
[PlyCount "100"]
[EventDate "1997.10.23"]
[EventType "swiss"]
[EventRounds "6"]
[EventCountry "ITA"]

1. g4 d5 2. Bg2 e5 3. h3 c6 4. d3 Bc5 5. Nf3 Nd7 6. c3 Ne7 7. b4 Bd6 8. Qb3 a5 9. a4 Qb6 10. b5 cxb5 11. Qxb5 Qxb5 12. axb5 O-O 13. Ba3 Bxa3 14. Rxa3 b6 15. Nfd2 Bb7 16. c4 Rfc8 17. O-O Rc7 18. Nc3 dxc4 19. Bxb7 Rxb7 20. Nxc4 Rc7 21. Ne4 Nd5 22. e3 f6 23. Kg2 Nc5 24. Nxc5 Rxc5 25. Rb1 Rd8 26. Nd2 Nb4 27. Ne4 Rxb5 28. Nc3 Rc5 29. Na4 Rc6 30. Rd1 Rdc8 31. d4 exd4 32. exd4 Rd8 33. Nc3 Nd5 34. Nb5 Rc2 35. Kg3 Rd7 36. Re1 Kf7 37. Rb3 a4 38. Ra3 Rb2 39. Nc3 Nxc3 40. Rxc3 b5 41. Rd3 Rd5 42. f4 b4 43. f5 a3 44. Re6 a2 45. Ra6 Rd7 46. d5 b3 47. d6 Rb1 48. Ra7 Rxa7 49. d7 Rxd7 50. Rxd7+ Ke8 0-1

[Event "57.C.to Provinciale RM ITA"]
[Site "Roma ITA"]
[Date "1997.10.23"]
[Round "1.23"]
[White "Bonaposta, Fabrizio"]
[Black "Rossi De Gasperis, Pietro"]
[Result "1/2-1/2"]
[WhiteElo "1200"]
[BlackElo "1800"]
[Annotator "Gabriele Ballarin"]
[PlyCount "95"]
[EventDate "1997.10.23"]
[EventType "swiss"]
[EventRounds "6"]
[EventCountry "ITA"]

1. e4 e6 2. d3 c5 3. Nf3 Nf6 4. Nbd2 Nc6 5. g3 Be7 6. Bg2 d5 7. O-O O-O 8. c3 Rb8 9. Qe2 Re8 10. e5 Nd7 11. c4 b5 12. Re1 bxc4 13. dxc4 d4 14. b3 Nb4 15. Ne4 Bb7 16. Qd1 a5 17. Bd2 Nc6 18. Bf4 Nf8 19. Nfg5 h6 20. Nf3 Ng6 21. Qd2 Nxf4 22. Qxf4 Nb4 23. Qd2 Nc6 24. h4 f5 25. exf6 Bxf6 26. Nxc5 Qd6 27. Nxb7 Rxb7 28. Ne5 Bxe5 29. Bxc6 Rf7 30. Bxe8 Rf3 31. Qe2 Rf5 32. Bg6 d3 33. Qd2 Rf3 34. Rad1 Bd4 35. Kh1 Bxf2 36. Qxa5 Qxg3 37. Qa8+ Rf8 38. Qg2 Qxh4+ 39. Qh2 Qg4 40. Rf1 Qxg6 41. Rxf2 Qe4+ 42. Qg2 Qh4+ 43. Kg1 Qd4 44. Kf1 Rd8 45. Qf3 e5 46. Qf7+ Kh8 47. Rg2 e4 48. Qf4 1/2-1/2

[Event "57.C.to Provinciale RM ITA"]
[Site "Roma ITA"]
[Date "1997.10.23"]
[Round "1.23"]
[White "D'Agostini, Rodolfo"]
[Black "Papetti, Francesco"]
[Result "0-1"]
[WhiteElo "1200"]
[BlackElo "1780"]
[Annotator "Gabriele Ballarin"]
[PlyCount "84"]
[EventDate "1997.10.23"]
[EventType "swiss"]
[EventRounds "6"]
[EventCountry "ITA"]

1. e4 c6 2. Nc3 d5 3. exd5 cxd5 4. d4 Nc6 5. Nf3 Bg4 6. Be2 e6 7. Be3 Nf6 8. a3 Rc8 9. O-O Qb6 10. Na4 Qc7 11. b4 Bd6 12. h3 Bh5 13. Rc1 O-O 14. c4 Bf4 15. b5 Bxe3 16. fxe3 Ne7 17. Ne5 Bxe2 18. Qxe2 Ne4 19. Rf3 f6 20. Nd3 dxc4 21. Nf4 Ng5 22. Rg3 Qa5 23. Rxc4 Rxc4 24. Qxc4 Rc8 25. Qb4 Rc1+ 26. Kh2 Qxb4 27. axb4 Nf5 28. Nc5 Nxg3 29. Kxg3 b6 30. Ncxe6 Nxe6 31. Nxe6 Rc4 32. Kf4 Rxb4 33. Nc7 Kf7 34. Kf5 Rb2 35. g3 Rb3 36. Ke4 Ke7 37. d5 Kd7 38. Ne6 Rxb5 39. Nxg7 a5 40. Nf5 a4 41. Kd4 a3 42. Kc4 Rb1 0-1

[Event "57.C.to Provinciale RM ITA"]
[Site "Roma ITA"]
[Date "1997.10.23"]
[Round "1.25"]
[White "Nuti, Raoul"]
[Black "Iatrino, Vincenzo"]
[Result "0-1"]
[WhiteElo "1200"]
[BlackElo "1767"]
[Annotator "Gabriele Ballarin"]
[PlyCount "64"]
[EventDate "1997.10.23"]
[EventType "swiss"]
[EventRounds "6"]
[EventCountry "ITA"]

1. e4 e5 2. Nf3 Nc6 3. Bb5 a6 4. Ba4 Nf6 5. O-O b5 6. Bb3 Bc5 7. Nc3 O-O 8. d3 h6 9. Ne2 d6 10. h3 Na5 11. Ng3 Nxb3 12. axb3 Be6 13. Re1 Qd7 14. Nh4 Bxh3 15. Nhf5 Bxf5 16. Nxf5 d5 17. Be3 Bxe3 18. Rxe3 dxe4 19. dxe4 Qxd1+ 20. Rxd1 Rfd8 21. Rdd3 Rxd3 22. cxd3 Kh7 23. f3 Rd8 24. Ne7 Rd6 25. g4 g6 26. Nc8 Rc6 27. Na7 Rc2 28. Kf1 Rxb2 29. Nc6 Nd7 30. d4 exd4 31. Nxd4 c5 32. Re2 Rb1+ 0-1

[Event "57.C.to Provinciale RM ITA"]
[Site "Roma ITA"]
[Date "1997.10.23"]
[Round "1.26"]
[White "Occhipinti, Massimo"]
[Black "Palermo, Stefano"]
[Result "1-0"]
[WhiteElo "1749"]
[BlackElo "1200"]
[Annotator "Gabriele Ballarin"]
[PlyCount "83"]
[EventDate "1997.10.23"]
[EventType "swiss"]
[EventRounds "6"]
[EventCountry "ITA"]

1. Nf3 Nf6 2. g3 g6 3. Bg2 Bg7 4. O-O O-O 5. d3 d5 6. Nbd2 c6 7. e4 dxe4 8. dxe4 Nbd7 9. Re1 e5 10. h3 Qc7 11. Qe2 b6 12. Nh4 Re8 13. Nf1 Bb7 14. g4 Nc5 15. Ng3 Rad8 16. Be3 Ne6 17. g5 Nd7 18. Qf3 Ndc5 19. Ne2 Qe7 20. Qg3 Nd7 21. Nf5 gxf5 22. exf5 Nxg5 23. Bxg5 f6 24. Bh6 Kh8 25. Bxg7+ Qxg7 26. Qxg7+ Kxg7 27. Rad1 Nc5 28. b4 Na6 29. b5 Nb4 30. a3 Nxc2 31. Rxd8 Rxd8 32. Rc1 Nd4 33. Nxd4 exd4 34. bxc6 Ba6 35. c7 Rf8 36. Bd5 Bc8 37. Be6 Bxe6 38. fxe6 Rc8 39. Kf1 Kf8 40. Ke2 Ke7 41. Rc6 Ke8 42. Kd3 1-0